Detalles MARC
| 000 -LIDER |
| fixed length control field |
00959nam a22002777a 4500 |
| 003 - IDENTIFICACDOR DE NÚMERO DE CONTROL |
| control field |
DO-SdBNP |
| 005 - DATE AND TIME OF LATEST TRANSACTION |
| control field |
20230515121107.0 |
| 008 - ELEMENTOS DE LONGITUD FIJA |
| fixed length control field |
160411b 1991 sp |||| |||| 00| 0 spa d |
| 020 ## - ISBN |
| International Standard Book Number |
8437600685 |
| 040 ## - FUENTE DE CATALOGACIÓN |
| Agencia que crea de manera original el registro |
BPMSU |
| Idioma de catalogación |
spa |
| Agencia que realiza la transcripción |
BPMSU |
| 082 #4 - NÚMERO DE CLASIFICACIÓN DECIMAL DE DEWEY |
| Classification number |
862.5 |
| Item number |
G216c 1991 |
| Edition number |
22 |
| 100 1# - ASIENTO PRINCIPAL -- NOMBRE PERSONAL |
| Nombre personal |
García Lorca, Federico, |
| Fechas asociadas con el nombre |
1898-1936. |
| 245 13 - MENCIÓN DE TITULO |
| Título |
La casa de Bernarda Alba / |
| Mención de responsabilidad |
Federico García Lorca.; edición Allen Josephs y Juan Caballero |
| 250 ## - MENCIÓN DE EDICION |
| Mención de edición |
18a. ed |
| 260 ## - PUBLICACIÓN, DISTRIBUCIÓN, ETC. (PIE DE IMPRENTA) |
| Lugar de publicación, distribución, etc |
Madrid : |
| Nombre del editor, distribuidor, etc. |
Cátedra, |
| Fecha de publicación, distribución, etc |
1991 |
| 300 ## - DESCRIPCIÓN FÍSICA |
| Extensión |
199 p. ; |
| Dimensiones |
19 cm |
| Otros detalles físicos |
|
| 490 0# - MENCIÓN DE SERIES |
| Mención de serie |
Letras hispánicas, |
| Volume/sequential designation |
43 |
| 590 ## - NOTA LOCAL |
| Texto de la nota local |
Inventariado, 2023/VM |
| 600 14 - ENCABEZAMIENTO DE MATERIA--NOMBRE PERSONAL |
| Nombre personal |
García Lorca, Federico, |
| Fechas asociadas con el nombre |
1898-1936 |
| Subdivisión temática general |
Crítica e interpretación. |
| Títulos u otras palabras asociadas con el nombre |
$d1898-1936 $x Crítica e interpretación. $2BLAAUTO |
| 650 #4 - ENCABEZAMIENTO DE MATERIA--TEMÁTICO |
| Término temático o nombre geográfico como elemento de entrada |
Teatro español |
| 650 #4 - ENCABEZAMIENTO DE MATERIA--TEMÁTICO |
| Término temático o nombre geográfico como elemento de entrada |
Tragedia |
| Subdivisión de forma |
Teatro |
| 700 1# - ASIENTO SECUNDARIO -- NOMBRE PERSONAL |
| Nombre personal |
Josephs, Allen, |
| Mención de responsabilidad |
ed. |
| 700 1# - ASIENTO SECUNDARIO -- NOMBRE PERSONAL |
| Nombre personal |
Caballero, Juan, |
| Mención de responsabilidad |
ed. |
| 910 ## - VALIDACIÓN |
| Validación |
VMateo V. Control de calidad (BPMSU) |
| 942 ## - ADDED ENTRY ELEMENTS (KOHA) |
| Source of classification or shelving scheme |
Dewey Decimal Classification |
| Koha item type |
Libros |